Normal view
MARC view
- العلاقات العامة
Entry Topical Term
001 - CONTROL NUMBER
- control field: 15265
003 - CONTROL NUMBER IDENTIFIER
- control field: JO-AjAnu
005 - DATE AND TIME OF LATEST TRANSACTION
- control field: 20230606072733.0
008 - FIXED-LENGTH DATA ELEMENTS
- fixed length control field: 230606|| aca||aabn | a|a d
040 ## - CATALOGING SOURCE
- Original cataloging agency: JO-AjAnu
- Transcribing agency: JO-AjAnu
150 ## - HEADING--TOPICAL TERM
- Topical term or geographic name entry element: العلاقات العامة
670 ## - SOURCE DATA FOUND
- Source citation: Work cat.: (JO-AjAnu)7837: تاليف: التهامي، مختار / م.مشارك: ابراهيم الداقوقي, author 15264, مبادىء العلاقات العامة في البلدان النامية